Taylor Swift - Chansons de Lover par longueur des titres - Statistiques

Statistiques générales
  • Ce quiz a été pris 48 fois
    46 depuis la dernière actualisation
  • Le résultat moyen est 12 sur 14
Statistiques - réponses
Nombre de
caractères
Chansons % Correct
5 Lover
100%
2 ME!
97%
11 Cruel Summer
91%
17 You Need To Calm Down
91%
35 Miss Americana and the Heartbreak Prince
88%
6 The Man
88%
20 Death By A Thousand Cuts / It's Nice To Have A Friend
85%
8 False God / Daylight
85%
10 Paper Rings
85%
9 The Archer / London Boy / Afterglow
85%
14 Cornelia Street
82%
18 Soon You'll Get Better
79%
21 I Forgot That You Existed
76%
13 I Think He Knows
76%
Aucun quiz correspondant
Distribution des résultats
% des personnes avec chaque résultat
Percentile par nombre de réponses
Votre historique - résultats
Vous n’avez pas pris ce quiz depuis la dernière actualisation